00959 2200337 4500001002100000005001500021035002000036007000300056008004100059020002200100040002200122082001500144084001700159090002100176090002200197100002700219245004200246250003500288300002800323650001000351850001200361041001300373504003000386264003200416336002100448337003000469338002300499999002200522546005500544990002200599INLIS00000000085858320210412014537 a0010-0421000488ta210412s2020 yoi fr ind d a978-623-02-0674-0 aYOPDYOGbinderda04223a297.14 a297.14 ZAE f aDEP 297.14 ZAE f aCB-D.11 2020-20910 aZaenal Abidinepenulis10aFiqh ibadah /cpenulis, Zaenal Abidin aCetakan pertama: Februari 2020 ax, 132 halaman ;c23 cm 4aFiqih aYOPDYOG0 aindgara aBibliografi : halaman 13031aSleman :bDeepublish,c2020 2rdacontentateks 2rdamediaatanpa perantara 2rdacarrieravolume aCB-D.11/2020-2091 aTeks terdiri dari bahasa Indonesia dan bahasa Arab aCB-D.11/2020-2091